Taylor Swift: match album titles to album covers - Statistics

General Stats
  • This quiz has been taken 92 times
  • The average score is 15 of 15
Answer Stats
Picture Answer % Correct
1989
100%
evermore
100%
folklore
100%
Red
100%
reputation
100%
Speak Now
100%
1989 (Taylor's Version)
99%
Fearless
99%
Lover
99%
Midnights
99%
Taylor Swift/ Debut
99%
Fearless (Taylor's Version)
98%
Red (Taylor's Version)
98%
Speak Now (Taylor's Version)
98%
THE TORTURED POETS DEPARTMENT: THE ANTHOLOGY
91%
No matching quizzes found
Score Distribution
Percent of People with Each Score
Percentile by Number Answered
Your Score History
You have not taken this quiz